000 01361nam a2200241 a 4500
005 20110401160426.0
010 _aB-425039-040
020 _a9788173053306
_c3500.00
035 _aB-425039-040
082 _a954.01
245 1 4 _aThe heritage of Nalanda /
_cedited by C. Mani
260 _aNew Delhi
_bAryan Books International :
_bAsoka Mission,
_c2008
270 _aPooja Apartment, 4B, Ansari Road, Darya Ganj
_bNew Delhi
_e110002
300 _axxxviii, 296 p. :
_bphotos
_c30 cm(Hb)
504 _aIncludes bibliographical references and index
520 _aPapers presented at the International Conference on the Heritage of Nalanda held in 2006, at Nà„landà„, India.
700 1 _aMani, C.
_q(Chandra),
_926973
710 2 _aAsoka Mission (India)
_926974
942 _2ddc
_cEN
_mHER
_h954.01
999 _c51381
_d51381